Haryana lok sanskrit ka sanvahak lok sang-ek adhyayam (Record no. 126200)

MARC details
000 -LEADER
fixed length control field 00352nam a2200145Ia 4500
008 - FIXED-LENGTH DATA ELEMENTS--GENERAL INFORMATION
fixed length control field 230917s9999||||xx |||||||||||||| ||und||
040 ## - CATALOGING SOURCE
-- 220137
Original cataloging agency VIVEKANANDA LIBRARY
041 ## - Language
-- English
082 ## - DDC NUMBER
Classification number 784.4 S58H
100 ## - MAIN ENTRY--PERSONAL NAME
Personal name Sanjay Kumar
245 #0 - TITLE STATEMENT
Title Haryana lok sanskrit ka sanvahak lok sang-ek adhyayam
260 ## - PUBLICATION, DISTRIBUTION, ETC. (IMPRINT)
Date of publication, distribution, etc 2013
300 ## - PHYSICAL DESCRIPTION
Pages 266 p.
942 ## - ADDED ENTRY ELEMENTS (KOHA)
Koha item type Thesis
Holdings
Withdrawn status Lost status Damaged status Not for loan Location (home branch) Sublocation or collection (holding branch) Date acquired Koha issues (times borrowed) Koha full call number Accession No. Koha date last seen Koha item type
        VIVEKANANDA LIBRARY VIVEKANANDA LIBRARY 03/11/2014   784.4 S58H 222143 17/09/2023 Thesis
© Designed and Maintained by Vivekananda Library, MDU Rohtak